000 00503nam a2200181Ia 4500
005 20250508151711.0
008 008 250505s9999 xx 000 0 eng d
037 _aTextual
040 _aFEDL
_beng
_cFEDL
041 _aeng
_2eng
084 _a372.83, LIT
_qFEDL
100 _aMcDonough Reata D
_9759787
245 0 _aBirds and their babies
260 _aColumbus, USA
_bCharles E Merrill Company
_c1952
300 _a32p.
942 _cTEXL
_h372.83, LIT
999 _c1331523
_d1331523